000 00228nam a22000857a 4500
008 161207b xxu||||| |||| 00| 0 eng d
100 _91888
_aIyer. T. V. P
245 _aScience for you -1
260 _aNew delhi
_bAsian publication
_c2004
999 _c4641
_d4641